Body and sexuality (Record no. 3246)

MARC details
000 -LEADER
fixed length control field 00890nam a2200241 4500
003 - CONTROL NUMBER IDENTIFIER
control field LK-CoMWRAF
008 - FIXED-LENGTH DATA ELEMENTS--GENERAL INFORMATION
fixed length control field 230822b2007 |||||||| |||| 00| 0 eng d
020 ## - INTERNATIONAL STANDARD BOOK NUMBER
International Standard Book Number 9789715505161
040 ## - CATALOGING SOURCE
Original cataloging agency LK-CoMWRAF
Modifying agency LK-CoMWRAF
Description conventions LK-CoMWRAF
041 ## - LANGUAGE CODE
Language code of text/sound track or separate title English
082 ## - DEWEY DECIMAL CLASSIFICATION NUMBER
Classification number 261.8357
Item number ECC
942 ## - ADDED ENTRY ELEMENTS (KOHA)
Koha item type Conference Proceeding
111 ## - MAIN ENTRY--MEETING NAME
Meeting name or jurisdiction name as entry element ECCLESIA OF WOMEN IN ASIA: BIENNIAL CONFERENCE
Location of meeting (Indonesia, Yogyakarta
Date of meeting 2007)
700 ## - ADDED ENTRY--PERSONAL NAME
Personal name Brazal, Agnes M.
relator term editor
700 ## - ADDED ENTRY--PERSONAL NAME
Personal name Si, Andrea Lizares
relator term editor
245 ## - TITLE STATEMENT
Title Body and sexuality
Remainder of title : theological-pastoral perspectives of women in Asia
260 ## - PUBLICATION, DISTRIBUTION, ETC. (IMPRINT)
Place of publication, distribution, etc. Quezon City:
Name of publisher, distributor, etc. Ateneo de Manila University Press,
Date of publication, distribution, etc. 2007
300 ## - PHYSICAL DESCRIPTION
Extent xiii, 301 p. ; 23 cm.
Other physical details Index included
490 ## - SERIES STATEMENT
Series statement Theology and religious studies series
650 ## - SUBJECT ADDED ENTRY--TOPICAL TERM
Topical term or geographic name as entry element HUMAN BODY-RELIGIOUS ASPECTS-CATHOLIC CHURCH
650 ## - SUBJECT ADDED ENTRY--TOPICAL TERM
Topical term or geographic name as entry element Women -- Religious aspects -- Catholic Church Women -- Asia
650 ## - SUBJECT ADDED ENTRY--TOPICAL TERM
Topical term or geographic name as entry element Women -- Asia
Holdings
Withdrawn status Lost status Damaged status Not for loan Permanent Location Current Location Date acquired Full call number Barcode Koha item type
        Resource center, Muslim Women's Research And Action Forum Resource center, Muslim Women's Research And Action Forum 2023-08-22 261.8357 ECC RAF127 Conference Proceeding

Copyright © 2023 Muslim Women's Research and Action Forum (MWRAF), No 27/3, Anderson Road, Kalubowila, Dehiwela. Funded by The Asia Fundation